[Event "Marienbad 2016 - MI - B1"]
[Site "Marianske Lazne CZE"]
[Date "2016.01.20"]
[Round "6.3"]
[White "Obolentseva, Alexandra"]
[Black "Janik, Igor"]
[Result "0-1"]
[WhiteElo "2194"]
[BlackElo "2263"]
[PlyCount "100"]
[EventDate "2016.01.16"]
[EventType "tourn"]
[EventRounds "9"]
[EventCountry "CZE"]
[Source "lmi"]
[SourceDate "2016.01.16"]

1. d4 d6 2. Nf3 g6 3. c4 Bg7 4. Nc3 Bg4 5. g3 Bxf3 6. exf3 Nc6 7. Be3 e6 8. Bg2
Nge7 9. Qd2 d5 10. cxd5 Nxd5 11. f4 Nce7 12. O-O O-O 13. Rfd1 c6 14. Rac1 Qd7
15. Ne4 Rad8 16. Ng5 Nf5 17. Nf3 Qe7 18. a3 h5 19. Qe2 Rd6 20. Ne5 Rfd8 21. Nc4
R6d7 22. Ne5 Bxe5 23. fxe5 Ndxe3 24. fxe3 c5 25. Be4 cxd4 26. Bxf5 exf5 27.
exd4 Rxd4 28. Rxd4 Rxd4 29. e6 Qxe6 30. Qxe6 fxe6 31. Rc8+ Kf7 32. Rc7+ Kf6 33.
Rxb7 a5 34. b3 Rd1+ 35. Kf2 Rd2+ 36. Kg1 Ra2 37. a4 Rd2 38. Rb5 Rd5 39. Rb6 g5
40. Rb8 h4 41. gxh4 gxh4 42. Kg2 Kg5 43. Kf3 Rd3+ 44. Kg2 h3+ 45. Kf2 Kf4 46.
b4 Rd2+ 47. Ke1 Rxh2 48. bxa5 Ra2 49. Rh8 h2 50. Kf1 Kg3 0-1

[Event "Marienbad 2016 - MI - B1"]
[Site "Marianske Lazne CZE"]
[Date "2016.01.20"]
[Round "6.4"]
[White "Grela, Kacper"]
[Black "German, Nikita"]
[Result "1-0"]
[WhiteElo "2292"]
[BlackElo "2078"]
[PlyCount "85"]
[EventDate "2016.01.16"]
[EventType "tourn"]
[EventRounds "9"]
[EventCountry "CZE"]
[Source "lmi"]
[SourceDate "2016.01.16"]

1. e4 c5 2. Nf3 e6 3. d4 cxd4 4. Nxd4 a6 5. Bd3 Qc7 6. O-O Nf6 7. Qe2 d6 8. c4
g6 9. Nc3 Bg7 10. Nf3 Nbd7 11. Rd1 O-O 12. Bc2 b6 13. Bf4 Ne5 14. Nxe5 dxe5 15.
Be3 Bd7 16. b4 Rfc8 17. Bb3 Bf8 18. a3 a5 19. b5 Be8 20. Na4 Rab8 21. f3 Nd7
22. Rxd7 Bxd7 23. Qf2 Bc5 24. Nxc5 bxc5 25. Bg5 Be8 26. Bf6 h6 27. Qh4 Kh7 28.
Bg5 h5 29. Bf6 Qd6 30. Rd1 Qf8 31. Bxe5 Rb7 32. Qf6 Rd7 33. Rf1 Rd3 34. Bc2
Rxa3 35. f4 Re3 36. f5 exf5 37. exf5 Rxe5 38. fxg6+ Kg8 39. Qxe5 Qh6 40. Qd5
Qe3+ 41. Kh1 Rc7 42. b6 Re7 43. b7 1-0

[Event "Marienbad 2016 - MI - B1"]
[Site "Marianske Lazne CZE"]
[Date "2016.01.20"]
[Round "6.5"]
[White "Studnicka, Tomas"]
[Black "Frolov, Artur"]
[Result "1/2-1/2"]
[WhiteElo "2355"]
[BlackElo "2499"]
[PlyCount "77"]
[EventDate "2016.01.16"]
[EventType "tourn"]
[EventRounds "9"]
[EventCountry "CZE"]
[Source "lmi"]
[SourceDate "2016.01.16"]

1. c4 Nf6 2. Nc3 g6 3. e4 d6 4. d4 Bg7 5. Bd3 e5 6. d5 a5 7. Nge2 Na6 8. Ng3 h5
9. h3 Nc5 10. Bc2 h4 11. Nge2 Nh5 12. Be3 Bh6 13. Bxh6 Rxh6 14. Qd2 g5 15. Na4
Nxa4 16. Bxa4+ Kf8 17. O-O-O Qf6 18. f3 Ke7 19. Kb1 Nf4 20. Nc3 Kf8 21. Rc1 Qd8
22. Nd1 b6 23. Ne3 Nh5 24. Bc6 Rb8 25. Qc3 Ng3 26. Rhe1 f5 27. exf5 Bxf5+ 28.
Ka1 Qf6 29. Ba4 Rh7 30. Nxf5 Nxf5 31. Bc2 Re8 32. Bxf5 Qxf5 33. Re4 Rf7 34. Rg4
Ke7 35. Re1 Kd8 36. a3 Qg6 37. Ka2 Rf4 38. Re4 Rxg4 39. Rxg4 1/2-1/2

[Event "Marienbad 2016 - MI - B1"]
[Site "Marianske Lazne CZE"]
[Date "2016.01.21"]
[Round "7.1"]
[White "Frolov, Artur"]
[Black "Lokander, Martin"]
[Result "1/2-1/2"]
[WhiteElo "2499"]
[BlackElo "2369"]
[PlyCount "30"]
[EventDate "2016.01.16"]
[EventType "tourn"]
[EventRounds "9"]
[EventCountry "CZE"]
[Source "lmi"]
[SourceDate "2016.01.16"]

1. e4 e5 2. Nf3 d6 3. d4 exd4 4. Nxd4 Nf6 5. Nc3 Be7 6. Be2 O-O 7. O-O c5 8.
Nf3 Nc6 9. Re1 h6 10. Bf4 Be6 11. Qd2 d5 12. exd5 Nxd5 13. Nxd5 Qxd5 14. Qxd5
Bxd5 15. c3 Rfe8 1/2-1/2

[Event "Marienbad 2016 - MI - B1"]
[Site "Marianske Lazne CZE"]
[Date "2016.01.21"]
[Round "7.2"]
[White "German, Nikita"]
[Black "Studnicka, Tomas"]
[Result "1-0"]
[WhiteElo "2078"]
[BlackElo "2355"]
[PlyCount "91"]
[EventDate "2016.01.16"]
[EventType "tourn"]
[EventRounds "9"]
[EventCountry "CZE"]
[Source "lmi"]
[SourceDate "2016.01.16"]

1. e4 c5 2. Nf3 Nc6 3. d4 cxd4 4. Nxd4 g6 5. Nc3 Bg7 6. Be3 Nf6 7. Bc4 Qa5 8.
O-O O-O 9. Nb3 Qc7 10. Be2 d6 11. Re1 b6 12. h3 Bb7 13. Qd2 Rfe8 14. f4 Rac8
15. Bf3 Qb8 16. Rad1 Qa8 17. Qf2 Rcd8 18. a3 e6 19. Nb5 Qb8 20. e5 dxe5 21.
Rxd8 Rxd8 22. fxe5 Nxe5 23. Bxb7 Qxb7 24. Bg5 Ned7 25. Qd2 Rf8 26. Qd3 h6 27.
Bd2 a6 28. Nc3 b5 29. Qd6 Rc8 30. Be3 Bf8 31. Qd2 Nb6 32. Na5 Qc7 33. Bxh6 Bxh6
34. Qxh6 Nbd5 35. Nxd5 Nxd5 36. Nb3 Qxc2 37. Rc1 Rc4 38. Rxc2 Rxc2 39. Qg5 Rxb2
40. Nc5 Rb1+ 41. Kh2 Ra1 42. Nxe6 fxe6 43. Qxg6+ Kf8 44. Qh6+ Ke7 45. Qg7+ Kd6
46. Qxa1 1-0

[Event "Marienbad 2016 - MI - B1"]
[Site "Marianske Lazne CZE"]
[Date "2016.01.21"]
[Round "7.3"]
[White "Janik, Igor"]
[Black "Grela, Kacper"]
[Result "1-0"]
[WhiteElo "2263"]
[BlackElo "2292"]
[PlyCount "199"]
[EventDate "2016.01.16"]
[EventType "tourn"]
[EventRounds "9"]
[EventCountry "CZE"]
[Source "lmi"]
[SourceDate "2016.01.16"]

1. e4 c5 2. Nf3 Nc6 3. Bb5 Nf6 4. Nc3 g6 5. Bxc6 dxc6 6. d3 Bg7 7. Be3 b6 8. h3
O-O 9. Qd2 e5 10. O-O-O Qd6 11. Bh6 Be6 12. Bxg7 Kxg7 13. g4 a5 14. Kb1 a4 15.
Ne2 b5 16. Ng3 Kh8 17. Qh6 Ng8 18. Qe3 f6 19. c3 Bf7 20. d4 Qe6 21. d5 Qd6 22.
g5 cxd5 23. exd5 Bxd5 24. gxf6 Nxf6 25. Nxe5 Qe6 26. Rhe1 Bxa2+ 27. Ka1 a3 28.
Nxg6+ hxg6 29. Qh6+ Nh7 30. Rxe6 axb2+ 31. Kxb2 Bxe6 32. Qe3 Ra2+ 33. Kb1 Bb3
34. Rd2 Rxd2 35. Qxd2 Kg7 36. Qe3 Nf6 37. Qxc5 Bc4 38. Qe7+ Kg8 39. Qd6 Kg7 40.
h4 Re8 41. Qc7+ Kg8 42. Qf4 Kg7 43. Kb2 Re7 44. Kc2 Re8 45. h5 Nxh5 46. Nxh5+
gxh5 47. Qg5+ Kf8 48. Qxh5 Re6 49. Kd2 Ke7 50. f4 Kd6 51. Qf3 Kd7 52. f5 Re7
53. Qg4 Kc6 54. Qd4 Kc7 55. Kc1 Kc6 56. Qf6+ Kd7 57. Kb2 Rf7 58. Qd4+ Kc6 59.
Qe4+ Kd6 60. Qf4+ Kc6 61. Qe5 Rd7 62. Qe3 Rf7 63. Qe4+ Kd6 64. Qd4+ Kc6 65. Qd8
Rd7 66. Qa8+ Kd6 67. Qb8+ Kd5 68. Qc8 Rf7 69. Qe6+ Kc5 70. Qe5+ Kc6 71. f6 Rd7
72. Qe4+ Kc5 73. Qe3+ Kd6 74. Qg3+ Ke6 75. Qg4+ Kd6 76. Qf5 Kc6 77. Qf4 Kc5 78.
Kc2 Kc6 79. Qe5 Kb6 80. Kc1 Kc6 81. Kb2 Rf7 82. Qe4+ Kd6 83. Qf4+ Kc6 84. Qe5
Rd7 85. Kc1 Kb6 86. Qf4 Kc6 87. Qf5 Bb3 88. Qg6 Kc7 89. Kb2 Bf7 90. Qg1 Kd6 91.
Ka3 Bc4 92. Qd4+ Kc6 93. Qe4+ Bd5 94. Qe8 Bc4 95. Kb4 Kd6 96. Qe4 Rf7 97. Qf5
Kc6 98. Qc5+ Kd7 99. Qb6 Rf8 100. Qb7+ 1-0

[Event "Marienbad 2016 - MI - B1"]
[Site "Marianske Lazne CZE"]
[Date "2016.01.21"]
[Round "7.4"]
[White "Gungl, Theo"]
[Black "Obolentseva, Alexandra"]
[Result "0-1"]
[WhiteElo "2062"]
[BlackElo "2194"]
[PlyCount "74"]
[EventDate "2016.01.16"]
[EventType "tourn"]
[EventRounds "9"]
[EventCountry "CZE"]
[Source "lmi"]
[SourceDate "2016.01.16"]

1. e4 c5 2. Nf3 d6 3. d4 cxd4 4. Nxd4 Nf6 5. Nc3 a6 6. Bg5 e6 7. f4 Be7 8. Qf3
h6 9. Bh4 Qc7 10. O-O-O Nbd7 11. Be2 O-O 12. g4 b5 13. g5 hxg5 14. fxg5 Nh7 15.
g6 Bxh4 16. gxh7+ Kh8 17. Rhg1 Bf6 18. e5 dxe5 19. Ndxb5 Qb8 20. Nd6 e4 21.
Ndxe4 Be5 22. Ng5 Bf4+ 23. Kb1 Bb7 24. Qh5 Qe8 25. Rdf1 Nf6 26. Qh4 Be5 27.
Nge4 Nxe4 28. Nxe4 Qa4 29. Rg4 Qa5 30. Ng5 Bd5 31. Ra4 Qd2 32. Bd3 Rab8 33. b4
Bc6 34. Ne4 Qe3 35. Ra3 Bxe4 36. Qxe4 Qxe4 37. Bxe4 Rxb4+ 0-1

[Event "Marienbad 2016 - MI - B1"]
[Site "Marianske Lazne CZE"]
[Date "2016.01.21"]
[Round "7.5"]
[White "Paramzina, Anastasya"]
[Black "Jurek, Josef"]
[Result "0-1"]
[WhiteElo "2136"]
[BlackElo "2291"]
[PlyCount "52"]
[EventDate "2016.01.16"]
[EventType "tourn"]
[EventRounds "9"]
[EventCountry "CZE"]
[Source "lmi"]
[SourceDate "2016.01.16"]

1. e4 e6 2. d4 d5 3. Nc3 Bb4 4. e5 c5 5. a3 Bxc3+ 6. bxc3 Ne7 7. Nf3 Qa5 8. Bd2
Qa4 9. dxc5 Nd7 10. Rb1 O-O 11. c4 dxc4 12. Rb4 Qc6 13. Rxc4 Nxc5 14. Bg5 Nd5
15. Rg4 Kh8 16. c4 f6 17. Bd2 Ne7 18. exf6 gxf6 19. Bh6 Rg8 20. Ng5 Qe8 21. Rh4
Nf5 22. Qd8 Qg6 23. Qc7 Bd7 24. Qxc5 Nxh4 25. Bd3 Nxg2+ 26. Kd2 Qxh6 0-1

[Event "Marienbad 2016 - MI - B1"]
[Site "Marianske Lazne CZE"]
[Date "2016.01.22"]
[Round "8.2"]
[White "Obolentseva, Alexandra"]
[Black "Paramzina, Anastasya"]
[Result "0-1"]
[WhiteElo "2194"]
[BlackElo "2136"]
[PlyCount "144"]
[EventDate "2016.01.16"]
[EventType "tourn"]
[EventRounds "9"]
[EventCountry "CZE"]
[Source "lmi"]
[SourceDate "2016.01.16"]

1. d4 Nf6 2. c4 e6 3. g3 d5 4. Nf3 Bb4+ 5. Bd2 Be7 6. Bg2 c6 7. Qc2 O-O 8. O-O
b6 9. Rd1 Bb7 10. Ne5 Nbd7 11. Bf4 Rc8 12. Nc3 Nh5 13. Qa4 Nxf4 14. gxf4 Nxe5
15. dxe5 Qc7 16. Rac1 Qb8 17. e3 Rfd8 18. cxd5 cxd5 19. Nb5 a6 20. Nd4 b5 21.
Qb3 Rxc1 22. Rxc1 Rc8 23. Rd1 Qc7 24. Bf1 g5 25. fxg5 Qxe5 26. f4 Qd6 27. Qd3
Qb4 28. Qe2 e5 29. fxe5 Bxg5 30. Bh3 Re8 31. e6 fxe6 32. Nxe6 Bh6 33. Qf3 Qe4
34. Qxe4 dxe4 35. Nd8 Ba8 36. Rd7 Bxe3+ 37. Kf1 Re5 38. Ke2 Bb6 39. Rd6 Bc7 40.
Rd7 Bb6 41. Rd6 Bc7 42. Rxa6 Bd5 43. Ne6 Bb8 44. Nf4 Bb7 45. Rb6 Re7 46. Nd5
Bxd5 47. Rxb8+ Kg7 48. Ke3 Bc4 49. b3 Bd3 50. Bc8 Re5 51. Rb7+ Kg6 52. Rb6+ Kg5
53. b4 Bb1 54. Ra6 Rd5 55. Ra5 Rd3+ 56. Ke2 Kf4 57. Rxb5 e3 58. Rf5+ Ke4 59.
Rf8 Rd2+ 60. Ke1 Kd4 61. Bf5 Bxa2 62. b5 Bc4 63. Rd8+ Ke5 64. Rc8 Bd5 65. Bg4
Rxh2 66. Re8+ Kd4 67. Rd8 Ke4 68. Bf5+ Ke5 69. Bg4 Bc4 70. Bf3 Rf2 71. Re8+ Kf4
72. Rf8+ Kg3 0-1

[Event "Marienbad 2016 - MI - B1"]
[Site "Marianske Lazne CZE"]
[Date "2016.01.22"]
[Round "8.3"]
[White "Grela, Kacper"]
[Black "Gungl, Theo"]
[Result "1-0"]
[WhiteElo "2292"]
[BlackElo "2062"]
[PlyCount "85"]
[EventDate "2016.01.16"]
[EventType "tourn"]
[EventRounds "9"]
[EventCountry "CZE"]
[Source "lmi"]
[SourceDate "2016.01.16"]

1. e4 c6 2. c4 d5 3. exd5 cxd5 4. cxd5 Nf6 5. Nc3 Nxd5 6. Nf3 e6 7. Qb3 Nxc3 8.
bxc3 Nc6 9. d4 Qc7 10. Bd3 Be7 11. O-O O-O 12. Qc2 g6 13. Qd2 Bf6 14. Qh6 Bg7
15. Qh4 Ne7 16. Ng5 h6 17. Ne4 f5 18. Nc5 b6 19. Nb3 g5 20. Qg3 Qxg3 21. hxg3
Nd5 22. Ba3 Rd8 23. Rac1 Bb7 24. Rfe1 Nc7 25. Nd2 Rac8 26. Nf3 Bd5 27. Rc2 Ne8
28. Nd2 Kf7 29. g4 fxg4 30. c4 Ba8 31. d5 e5 32. Bf5 Rc7 33. Rcc1 b5 34. Bxg4
Kg6 35. Bb4 bxc4 36. Ba5 Bxd5 37. Bxc7 Nxc7 38. Nxc4 e4 39. Ne3 Ne8 40. Red1
Nf6 41. Rc5 Bf8 42. Bf5+ Kf7 43. Rcxd5 1-0

[Event "Marienbad 2016 - MI - B1"]
[Site "Marianske Lazne CZE"]
[Date "2016.01.22"]
[Round "8.4"]
[White "Studnicka, Tomas"]
[Black "Janik, Igor"]
[Result "1/2-1/2"]
[WhiteElo "2355"]
[BlackElo "2263"]
[PlyCount "87"]
[EventDate "2016.01.16"]
[EventType "tourn"]
[EventRounds "9"]
[EventCountry "CZE"]
[Source "lmi"]
[SourceDate "2016.01.16"]

1. d4 d6 2. Nf3 g6 3. Bg5 Bg7 4. e3 c5 5. c3 Nf6 6. dxc5 dxc5 7. Qxd8+ Kxd8 8.
Nbd2 Be6 9. O-O-O Nfd7 10. Nb3 b6 11. Bf4 f6 12. Rd2 Kc8 13. h3 Bf7 14. g4 a5
15. Kc2 Ra7 16. Bg3 h5 17. Bg2 g5 18. Ne1 Bg6+ 19. Kd1 Na6 20. a3 Bf7 21. Nc1
Be6 22. f3 Nc7 23. e4 Bf8 24. Nc2 Ne8 25. Ne3 Nd6 26. Bxd6 exd6 27. Ne2 h4 28.
Nc1 Ne5 29. Nd3 Ng6 30. Bf1 Rd7 31. c4 Rb7 32. Be2 Kc7 33. Kc1 Be7 34. Re1 Rhb8
35. a4 Ne5 36. b3 Rf8 37. Kc2 Rf7 38. Red1 Bf8 39. Ng2 Bd7 40. Ne3 Bc6 41. Kc3
Rb8 42. Nf5 Re8 43. Nxe5 dxe5 44. Bf1 1/2-1/2

[Event "Marienbad 2016 - MI - B1"]
[Site "Marianske Lazne CZE"]
[Date "2016.01.22"]
[Round "8.5"]
[White "Frolov, Artur"]
[Black "German, Nikita"]
[Result "1/2-1/2"]
[WhiteElo "2499"]
[BlackElo "2078"]
[PlyCount "61"]
[EventDate "2016.01.16"]
[EventType "tourn"]
[EventRounds "9"]
[EventCountry "CZE"]
[Source "lmi"]
[SourceDate "2016.01.16"]

1. e4 c5 2. Nf3 e6 3. d4 cxd4 4. Nxd4 a6 5. Nc3 Qc7 6. Bd3 Nf6 7. O-O Be7 8.
Be3 d6 9. f4 Nbd7 10. Qf3 h5 11. h3 h4 12. Rae1 b5 13. a3 Bb7 14. Bf2 Nb6 15.
Qe2 g6 16. Nf3 Nfd7 17. Bd4 Rf8 18. e5 dxe5 19. Nxe5 Bc5 20. Bxc5 Qxc5+ 21. Rf2
O-O-O 22. Ne4 Bxe4 23. Qxe4 Nxe5 24. fxe5 Rd4 25. Qf3 Nd5 26. Be4 f5 27. Bxd5
Qxd5 28. Qe3 Rd8 29. Qg5 Qc5 30. Qe3 Qd5 31. Qg5 1/2-1/2

[Event "Marienbad 2016 - MI - B1"]
[Site "Marianske Lazne CZE"]
[Date "2016.01.23"]
[Round "9.2"]
[White "Janik, Igor"]
[Black "Frolov, Artur"]
[Result "1/2-1/2"]
[WhiteElo "2263"]
[BlackElo "2499"]
[PlyCount "92"]
[EventDate "2016.01.16"]
[EventType "tourn"]
[EventRounds "9"]
[EventCountry "CZE"]
[Source "lmi"]
[SourceDate "2016.01.16"]

1. e4 c5 2. Nf3 Nc6 3. d4 cxd4 4. Nxd4 e6 5. Nc3 d6 6. g4 a6 7. Be3 Nge7 8. Nb3
b5 9. Qe2 Bd7 10. O-O-O Nc8 11. f4 Be7 12. Qf2 b4 13. Ne2 a5 14. Kb1 a4 15.
Nbd4 N8a7 16. g5 Qa5 17. Nc1 Qc7 18. h4 O-O 19. f5 Nxd4 20. Bxd4 e5 21. Bb6 Qb7
22. f6 Bd8 23. Bxd8 Rfxd8 24. g6 Be6 25. gxh7+ Kxh7 26. Qf3 g6 27. h5 g5 28.
Bh3 Qd7 29. Bxe6 Qxe6 30. Qe3 Nb5 31. Qxg5 Rg8 32. Qd2 a3 33. Qxb4 axb2 34. Nb3
Rgb8 35. Kxb2 Nd4 36. Qd2 Rxa2+ 37. Kxa2 Rxb3 38. Qxd4 Rd3+ 39. Qd5 Rxd5 40.
Rxd5 Qxf6 41. Rhd1 Qf4 42. Rxd6 Qxe4 43. Kb3 Qb7+ 44. Kc4 Qc7+ 45. Kd5 Qxc2 46.
Kxe5 Qe2+ 1/2-1/2

[Event "Marienbad 2016 - MI - B1"]
[Site "Marianske Lazne CZE"]
[Date "2016.01.23"]
[Round "9.3"]
[White "Gungl, Theo"]
[Black "Studnicka, Tomas"]
[Result "1-0"]
[WhiteElo "2062"]
[BlackElo "2355"]
[PlyCount "121"]
[EventDate "2016.01.16"]
[EventType "tourn"]
[EventRounds "9"]
[EventCountry "CZE"]
[Source "lmi"]
[SourceDate "2016.01.16"]

1. e4 c5 2. Nf3 Nc6 3. d4 cxd4 4. Nxd4 g6 5. Nc3 Bg7 6. Be3 Nf6 7. Bc4 Qa5 8.
O-O O-O 9. Bb3 d6 10. h3 Bd7 11. Re1 Rfe8 12. f4 Rad8 13. Qf3 Nxd4 14. Bxd4 Bc6
15. Rad1 e6 16. Qf2 b6 17. Qh4 Nh5 18. Bxg7 Nxg7 19. Rd3 Qc5+ 20. Qf2 Kf8 21.
Red1 Ke7 22. Ba4 Bxa4 23. Nxa4 Qxf2+ 24. Kxf2 f5 25. Nc3 Rf8 26. exf5 Rxf5 27.
Ke3 g5 28. fxg5 Rxg5 29. Kf2 h5 30. Ne4 Rf5+ 31. Kg1 Ne8 32. c4 Rf4 33. Re3 h4
34. b3 a6 35. a4 Ng7 36. Nc3 Kd7 37. Ne2 Rf6 38. Re4 Rh8 39. Nd4 Rh5 40. Rg4
Rh7 41. a5 bxa5 42. Ra1 Kc7 43. Rxa5 e5 44. Nf3 Kb6 45. b4 Ne6 46. c5+ Nxc5 47.
Nxe5 Nb7 48. Nc4+ Ka7 49. Rd5 Kb8 50. Rdd4 Rfh6 51. Ne3 Rh5 52. Nd5 R5h6 53.
Rc4 a5 54. Rg8+ Ka7 55. bxa5 Nc5 56. Rb4 Na6 57. Rb1 Rh5 58. Nf6 R5h6 59. Nxh7
Rxh7 60. Rd8 Rh6 61. Rb6 1-0

[Event "Marienbad 2016 - MI - B1"]
[Site "Marianske Lazne CZE"]
[Date "2016.01.23"]
[Round "9.4"]
[White "Paramzina, Anastasya"]
[Black "Grela, Kacper"]
[Result "0-1"]
[WhiteElo "2136"]
[BlackElo "2292"]
[PlyCount "50"]
[EventDate "2016.01.16"]
[EventType "tourn"]
[EventRounds "9"]
[EventCountry "CZE"]
[Source "lmi"]
[SourceDate "2016.01.16"]

1. e4 c5 2. Nf3 Nc6 3. d4 cxd4 4. Nxd4 Qb6 5. Nb3 Nf6 6. Nc3 e6 7. a3 d6 8. Be3
Qc7 9. Be2 a6 10. O-O b5 11. f4 Bb7 12. Bf3 Be7 13. g4 Nd7 14. Bg2 Nb6 15. Qe2
Nc4 16. Rae1 Nxe3 17. Qxe3 g5 18. f5 Rg8 19. f6 Bf8 20. a4 bxa4 21. Nxa4 Ne5
22. Qh3 Rg6 23. Re3 Bc6 24. Ra1 Qa7 25. Kh1 Nxg4 0-1

[Event "Marienbad 2016 - MI - B1"]
[Site "Marianske Lazne CZE"]
[Date "2016.01.23"]
[Round "9.5"]
[White "Jurek, Josef"]
[Black "Obolentseva, Alexandra"]
[Result "1-0"]
[WhiteElo "2291"]
[BlackElo "2194"]
[PlyCount "135"]
[EventDate "2016.01.16"]
[EventType "tourn"]
[EventRounds "9"]
[EventCountry "CZE"]
[Source "lmi"]
[SourceDate "2016.01.16"]

1. d4 Nf6 2. c4 g6 3. Nf3 Bg7 4. g3 O-O 5. Bg2 d6 6. Nc3 Nbd7 7. O-O e5 8. e4
a6 9. Re1 exd4 10. Nxd4 Ne5 11. b3 c5 12. Nc2 Nc6 13. Rb1 Ng4 14. Nd5 Nd4 15.
h3 Nxc2 16. Qxc2 Ne5 17. Be3 Nc6 18. Qd2 Nd4 19. Kh2 Be6 20. Bg5 f6 21. Be3
Bxd5 22. Bxd4 Bc6 23. Be3 Re8 24. Rbd1 Bf8 25. Bf4 Re6 26. h4 Qe8 27. f3 Rd8
28. Qc3 g5 29. hxg5 fxg5 30. Bxg5 Qh5+ 31. Bh4 Bg7 32. Qe3 Rf8 33. Bh3 Ree8 34.
Bg4 Qg6 35. Qg5 Be5 36. Bh5 Qxg5 37. Bxg5 Re6 38. Bg4 Ree8 39. Kg2 Kh8 40. Bf5
Rf7 41. g4 b5 42. Rh1 Rb8 43. Be6 Rg7 44. Bh6 Re7 45. Bd5 Bxd5 46. cxd5 a5 47.
Bg5 Rf7 48. Rdf1 c4 49. f4 Bb2 50. Rf2 Bd4 51. Rc2 c3 52. Rh6 Rd7 53. Kf3 a4
54. b4 a3 55. Bf6+ Bxf6 56. Rxf6 Rc8 57. Ke3 Rc4 58. Kd3 Rdc7 59. Rxd6 Rxb4 60.
Rc6 Re7 61. Re6 Rf7 62. d6 Rb2 63. Rxc3 Rxf4 64. Rc8+ Kg7 65. Rc7+ Kf8 66. d7
Rf3+ 67. Kd4 Rd2+ 68. Ke5 1-0

[Event "Marienbad 2016 - MI - B2"]
[Site "Marianske Lazne CZE"]
[Date "2016.01.16"]
[Round "1.2"]
[White "Varitski, Igor"]
[Black "Burnett, Andrew"]
[Result "1-0"]
[WhiteElo "2212"]
[BlackElo "2210"]
[PlyCount "45"]
[EventDate "2016.01.16"]
[EventType "tourn"]
[EventRounds "9"]
[EventCountry "CZE"]
[Source "lmi"]
[SourceDate "2016.01.16"]

1. e4 c5 2. c3 d6 3. d4 Nf6 4. Bd3 cxd4 5. cxd4 e5 6. Nf3 Bg4 7. Qa4+ Nfd7 8.
Nbd2 Nc6 9. h3 Bxf3 10. Nxf3 exd4 11. Bb5 Be7 12. Bxc6 bxc6 13. Nxd4 O-O 14.
O-O c5 15. Nf5 Re8 16. Bf4 Nb6 17. Qc2 Qc7 18. Rad1 Rad8 19. Qc3 Bf8 20. Rxd6
Rxe4 21. Rg6 Nd5 22. Rxg7+ Kh8 23. Qg3 1-0

[Event "Marienbad 2016 - MI - B2"]
[Site "Marianske Lazne CZE"]
[Date "2016.01.16"]
[Round "1.3"]
[White "Gaehwiler, Gabriel"]
[Black "Wozniak, Mariola"]
[Result "1-0"]
[WhiteElo "2297"]
[BlackElo "2180"]
[PlyCount "59"]
[EventDate "2016.01.16"]
[EventType "tourn"]
[EventRounds "9"]
[EventCountry "CZE"]
[Source "lmi"]
[SourceDate "2016.01.16"]

1. d4 f5 2. Nf3 Nf6 3. g3 g6 4. Bg2 Bg7 5. O-O O-O 6. c4 d6 7. Nc3 Nc6 8. d5
Na5 9. b3 Ne4 10. Nxe4 Bxa1 11. Neg5 c5 12. e4 Bf6 13. exf5 Bxf5 14. Nh4 Bd7
15. Be4 Bxg5 16. Bxg5 a6 17. Re1 Rf6 18. Bxf6 exf6 19. Bxg6 hxg6 20. Nxg6 Kg7
21. Qh5 Be8 22. Qh8+ Kxg6 23. h4 Qd7 24. h5+ Kg5 25. f4+ Kf5 26. Kf2 Qf7 27.
Re6 Bd7 28. Kf3 Rg8 29. Rxf6+ Qxf6 30. Qh7+ 1-0

[Event "Marienbad 2016 - MI - B2"]
[Site "Marianske Lazne CZE"]
[Date "2016.01.16"]
[Round "1.4"]
[White "Voloshin, Pavel"]
[Black "Nowak, Kamil"]
[Result "1/2-1/2"]
[WhiteElo "2132"]
[BlackElo "2313"]
[PlyCount "86"]
[EventDate "2016.01.16"]
[EventType "tourn"]
[EventRounds "9"]
[EventCountry "CZE"]
[Source "lmi"]
[SourceDate "2016.01.16"]

1. e4 c5 2. c3 d5 3. exd5 Qxd5 4. d4 Nf6 5. Nf3 e6 6. Be2 Be7 7. O-O O-O 8. h3
Nc6 9. Be3 Rd8 10. c4 Qf5 11. Bd3 Qh5 12. Be2 Qf5 13. Bd3 Qh5 14. Be2 cxd4 15.
Nxd4 Qc5 16. Nb3 Qf5 17. N1d2 e5 18. Qb1 Qxb1 19. Raxb1 Bf5 20. Rbd1 Nb4 21.
Nf3 Bd3 22. Bxd3 Nxd3 23. Bd4 e4 24. Nfd2 Rac8 25. Nxe4 Nxb2 26. Nxf6+ Bxf6 27.
Bxb2 Bxb2 28. Rxd8+ Rxd8 29. Rb1 Bc3 30. Rc1 Bb2 31. Rc2 Be5 32. g3 f6 33. Na5
Rd7 34. c5 Rc7 35. Rc4 b6 36. cxb6 axb6 37. Rxc7 Bxc7 38. Nb3 Kf7 39. Kf1 Ke6
40. Ke2 Kd5 41. Kd3 Bd6 42. Nd2 Bc5 43. Ne4 Bd4 1/2-1/2

[Event "Marienbad 2016 - MI - B2"]
[Site "Marianske Lazne CZE"]
[Date "2016.01.16"]
[Round "1.5"]
[White "Gumularz, Szymon"]
[Black "Utiatskaja, Irina"]
[Result "1/2-1/2"]
[WhiteElo "2258"]
[BlackElo "2108"]
[PlyCount "37"]
[EventDate "2016.01.16"]
[EventType "tourn"]
[EventRounds "9"]
[EventCountry "CZE"]
[Source "lmi"]
[SourceDate "2016.01.16"]

1. d4 Nf6 2. c4 g6 3. Nf3 Bg7 4. g3 O-O 5. Bg2 d6 6. O-O Nbd7 7. Nc3 e5 8. e4
a6 9. h3 b5 10. dxe5 Nxe5 11. Nxe5 dxe5 12. c5 Be6 13. Be3 c6 14. Qc2 Qc7 15.
Kh2 Nd7 16. b3 Rfd8 17. Ne2 a5 18. Rfd1 a4 19. Bg5 1/2-1/2

[Event "Marienbad 2016 - MI - B2"]
[Site "Marianske Lazne CZE"]
[Date "2016.01.17"]
[Round "2.1"]
[White "Vulfson, Vladimir"]
[Black "Utiatskaja, Irina"]
[Result "1/2-1/2"]
[WhiteElo "2421"]
[BlackElo "2108"]
[PlyCount "26"]
[EventDate "2016.01.16"]
[EventType "tourn"]
[EventRounds "9"]
[EventCountry "CZE"]
[Source "lmi"]
[SourceDate "2016.01.16"]

1. c4 Nf6 2. Nf3 c6 3. Nc3 d5 4. d4 Bf5 5. cxd5 cxd5 6. Bf4 Nc6 7. e3 e6 8. Bd3
Bxd3 9. Qxd3 Bd6 10. Bxd6 Qxd6 11. O-O O-O 12. Rfc1 Rfc8 13. h3 h6 1/2-1/2

[Event "Marienbad 2016 - MI - B2"]
[Site "Marianske Lazne CZE"]
[Date "2016.01.17"]
[Round "2.2"]
[White "Nowak, Kamil"]
[Black "Gumularz, Szymon"]
[Result "1-0"]
[WhiteElo "2313"]
[BlackElo "2258"]
[PlyCount "83"]
[EventDate "2016.01.16"]
[EventType "tourn"]
[EventRounds "9"]
[EventCountry "CZE"]
[Source "lmi"]
[SourceDate "2016.01.16"]

1. d4 f5 2. c4 Nf6 3. Nc3 d6 4. Nf3 g6 5. g3 Bg7 6. Bg2 O-O 7. O-O c6 8. Rb1 a5
9. b3 Na6 10. Bb2 Qc7 11. Qd2 e5 12. dxe5 dxe5 13. Rfd1 e4 14. Ng5 Ng4 15. Na4
Qe7 16. Bxg7 Kxg7 17. Nb6 e3 18. Qd4+ Kg8 19. f3 Rb8 20. Nxh7 Kxh7 21. fxg4
fxg4 22. Nxc8 Rbxc8 23. Qxg4 Nc5 24. Rd4 Rcd8 25. Rbd1 Rxd4 26. Rxd4 Qe5 27. h4
Rf2 28. Rf4 Rxf4 29. gxf4 Qa1+ 30. Kh2 Qxa2 31. f5 gxf5 32. Qxf5+ Kh6 33. Qxc5
Qxe2 34. Qg5+ Kh7 35. Kh3 Qf2 36. h5 e2 37. Be4+ Kh8 38. h6 Qd4 39. h7 Qd7+ 40.
Kh2 Qc7+ 41. Kg2 Qf7 42. Qd8+ 1-0

[Event "Marienbad 2016 - MI - B2"]
[Site "Marianske Lazne CZE"]
[Date "2016.01.17"]
[Round "2.3"]
[White "Wozniak, Mariola"]
[Black "Voloshin, Pavel"]
[Result "0-1"]
[WhiteElo "2180"]
[BlackElo "2132"]
[PlyCount "110"]
[EventDate "2016.01.16"]
[EventType "tourn"]
[EventRounds "9"]
[EventCountry "CZE"]
[Source "lmi"]
[SourceDate "2016.01.16"]

1. e4 e6 2. d4 d5 3. Nc3 Bb4 4. e5 c5 5. a3 Bxc3+ 6. bxc3 Ne7 7. Qg4 cxd4 8.
cxd4 Qc7 9. Kd1 Nbc6 10. Nf3 Nf5 11. Bd3 Nce7 12. a4 Bd7 13. Bd2 h5 14. Qg5 Qb6
15. Bc3 Qc7 16. Qd2 Rc8 17. Bb4 Nc6 18. Bc5 b6 19. Ba3 Na5 20. Bb4 Nc4 21. Bxc4
dxc4 22. a5 Bc6 23. c3 Qb7 24. Qf4 Bxf3+ 25. Qxf3 Qxf3+ 26. gxf3 b5 27. a6 Kd7
28. Ra5 Kc6 29. Ke2 Rhd8 30. Rd1 Rd7 31. Rg1 g6 32. Rb1 Rb8 33. Bc5 Rc7 34. Rb4
Rd7 35. Ra2 Ne7 36. Bxe7 Rxe7 37. Ke3 Rb6 38. Kf4 Rd7 39. Kg5 Rc7 40. Ra5 Rb8
41. Kf6 Rd7 42. f4 Rc7 43. Ra2 Rb6 44. f3 Kd5 45. Ra5 Kc6 46. h3 Rb8 47. f5
gxf5 48. Kg5 Rcc8 49. Ra2 Rg8+ 50. Kf4 h4 51. Rab2 Rb6 52. Re2 Rg6 53. Rbb2
Rxa6 54. d5+ exd5 55. Kxf5 Kc5 0-1